Konkurenčný potenciál vysokoškolského vzdelávania v regióne Slovensko - východ

Guardado en:
Detalles Bibliográficos
Autor principal: Nimrichterová, Jana
Formato: Capítulo de libro
Lenguaje:eslovaco
Etiquetas: Agregar Etiqueta
Sin Etiquetas, Sea el primero en etiquetar este registro!

MARC

LEADER 00000nla$a2200000$$$4500
001 0127923
005 20240612070443.1
041 0 |a slo 
044 |a SK 
245 1 0 |a Konkurenčný potenciál vysokoškolského vzdelávania v regióne Slovensko - východ  |c Jana Nimrichterová 
100 1 |a Nimrichterová, Jana